Größte Städte Deutschlands ohne SPNV - Statistiken

Allgemein
  • Dieses Quiz wurde 31 mal gespielt
  • Das Durchschnittsergebnis liegt bei 3 aus 15
Antwortstatistiken
Hint Antwort % Korrekt
Nordrhein-Westfalen Bergkamen
57%
Nordrhein-Westfalen Datteln
36%
Nordrhein-Westfalen Kamp-Lintfort
32%
Nordrhein-Westfalen Monheim am Rhein
32%
Niedersachsen Aurich
25%
Schleswig-Holstein Geesthacht
25%
Nordrhein-Westfalen Waltrop
25%
Nordrhein-Westfalen Würselen
21%
Nordrhein-Westfalen Delbrück
18%
Nordrhein-Westfalen Wermelskirchen
18%
Nordrhein-Westfalen Hemer
14%
Nordrhein-Westfalen Oer-Erkenschwick
14%
Nordrhein-Westfalen Niederkassel
11%
Hessen Taunusstein
7%
Niedersachsen Stuhr
4%
Keine übereinstimmenden Quizze gefunden
Verteilung der Resultate
Anzahl Personen mit jedem Resultat
Perzentil nach korrekt beantworteten Fragen
Ihre Resultats-Entwicklung
Sie haben dieses Quiz noch nicht gespielt